[Event "Meister-Talente"]
[Site "Emanuel Lasker Arena"]
[Date "2020.11.06"]
[Round "9"]
[White "Torjaeger10"]
[Black "Ailton_32"]
[Result "1-0"]
[WhiteElo "1656"]
[BlackElo "2025"]
[Annotator "NA RC"]
[PlyCount "139"]
[EventDate "2020.11.06"]
[EventType "tourn (blitz)"]

1. e4 {[%emt 0:00:04]} c5 {[%emt 0:00:02]} 2. d4 {[%emt 0:00:00]} cxd4 {[%emt 0:00:01]} 3. Nf3 {[%emt 0:00:06]} Nc6 {[%emt 0:00:07]} 4. Nxd4 {[%emt 0:00:02]} Nf6 {[%emt 0:00:02]} 5. Nc3 {[%emt 0:00:01]} d6 {[%emt 0:00:05]} 6. Bg5 {[%emt 0:00:09]} e6 {[%emt 0:00:02]} 7. Qd2 {[%emt 0:00:03]} Qb6 {[%emt 0:00:04]} 8. O-O-O {[%emt 0:00:09]} Nxd4 {[%emt 0:00:04]} 9. Qxd4 {[%emt 0:00:02]} Qxd4 {[%emt 0:00:02]} 10. Rxd4 {[%emt 0:00:00]} a6 {[%emt 0:00:02]} 11. g3 {[%emt 0:00:19]} Bd7 {[%emt 0:01:15]} 12. Bg2 {[%emt 0:00:04]} Bc6 {[%emt 0:00:01]} 13. Rhd1 {[%emt 0:00:04]} Nd7 {[%emt 0:00:13]} 14. a4 {[%emt 0:00:12]} h6 {[%emt 0:00:07]} 15. Be3 {[%emt 0:00:02]} Be7 {[%emt 0:00:04]} 16. b4 {[%emt 0:00:03]} b5 {[%emt 0:00:04]} 17. a5 {[%emt 0:00:29]} Rc8 {[%emt 0:00:09]} 18. f4 {[%emt 0:00:28]} g5 {[%emt 0:00:36]} 19. R4d3 {[%emt 0:00:18]} Rg8 {[%emt 0:00:03]} 20. Bh3 {[%emt 0:00:03]} h5 {[%emt 0:00:05]} 21. fxg5 {[%emt 0:00:11]} Ne5 {[%emt 0:00:05]} 22. Rd4 {[%emt 0:00:19]} Nc4 {[%emt 0:00:03]} 23. Bf4 {[%emt 0:00:05]} Rd8 {[%emt 0:00:12]} 24. R4d3 {[%emt 0:00:21]} Bxg5 {[%emt 0:00:15]} 25. Bxg5 {[%emt 0:00:03]} Rxg5 {[%emt 0:00:00]} 26. Bg2 {[%emt 0:00:06]} Ke7 {[%emt 0:00:01]} 27. Bf3 {[%emt 0:00:02]} h4 {[%emt 0:00:01]} 28. gxh4 {[%emt 0:00:01]} Re5 {[%emt 0:00:02]} 29. h5 {[%emt 0:00:02]} Rh8 {[%emt 0:00:00]} 30. Rg1 {[%emt 0:00:02]} Be8 {[%emt 0:00:01]} 31. Rg7 {[%emt 0:00:03]} Kf6 {[%emt 0:00:01]} 32. Rg3 {[%emt 0:00:01]} Rg5 {[%emt 0:00:02]} 33. Rxg5 {[%emt 0:00:01]} Kxg5 {[%emt 0:00:00]} 34. Rd4 {[%emt 0:00:02]} Kf6 {[%emt 0:00:04]} 35. Be2 {[%emt 0:00:01]} Ke5 {[%emt 0:00:02]} 36. Rd1 {[%emt 0:00:05]} f6 {[%emt 0:00:01]} 37. Nb1 {[%emt 0:00:02]} Bxh5 {[%emt 0:00:02]} 38. Bxh5 {[%emt 0:00:07]} Rxh5 {[%emt 0:00:00]} 39. Nd2 {[%emt 0:00:04]} Nxd2 {[%emt 0:00:05]} 40. Rxd2 {[%emt 0:00:00]} Kxe4 {[%emt 0:00:00]} 41. Rxd6 {[%emt 0:00:01]} Kf5 {[%emt 0:00:09]} 42. Rxa6 {[%emt 0:00:01]} Rh4 {[%emt 0:00:02]} 43. c3 {[%emt 0:00:03]} Rxh2 {[%emt 0:00:01]} 44. Rb6 {[%emt 0:00:00]} e5 {[%emt 0:00:00]} 45. a6 {[%emt 0:00:03]} Ra2 {[%emt 0:00:02]} 46. Kb1 {[%emt 0:00:01]} Ra4 {[%emt 0:00:01]} 47. Kb2 {[%emt 0:00:01]} e4 {[%emt 0:00:01]} 48. Rxb5+ {[%emt 0:00:01]} Kf4 {[%emt 0:00:01]} 49. Ra5 {[%emt 0:00:01]} Rxa5 {[%emt 0:00:01]} 50. bxa5 {[%emt 0:00:00]} e3 {[%emt 0:00:00]} 51. a7 {[%emt 0:00:00]} e2 {[%emt 0:00:01]} 52. a8=Q {[%emt 0:00:00]} e1=Q {[%emt 0:00:00]} 53. Qb8+ {[%emt 0:00:02]} Kg4 {[%emt 0:00:03]} 54. Qb4+ {[%emt 0:00:05]} Kg3 {[%emt 0:00:10]} 55. Qd6+ {[%emt 0:00:03]} Kg4 {[%emt 0:00:03]} 56. Qxf6 {[%emt 0:00:05]} Qe2+ {[%emt 0:00:01]} 57. Ka3 {[%emt 0:00:02]} Qe1 {[%emt 0:00:05]} 58. Qd4+ {[%emt 0:00:03]} Kh3 {[%emt 0:00:02]} 59. Ka4 {[%emt 0:00:04]} Qa1+ {[%emt 0:00:04]} 60. Kb5 {[%emt 0:00:01]} Qb2+ {[%emt 0:00:01]} 61. Qb4 {[%emt 0:00:01]} Qe2+ {[%emt 0:00:02]} 62. c4 {[%emt 0:00:01]} Kh2 {[%emt 0:00:02]} 63. a6 {[%emt 0:00:03]} Qe8+ {[%emt 0:00:02]} 64. Ka5 {[%emt 0:00:02]} Qd8+ {[%emt 0:00:01]} 65. Qb6 {[%emt 0:00:01]} Qd2+ {[%emt 0:00:01]} 66. Kb5 {[%emt 0:00:01]} Qb2+ {[%emt 0:00:01]} 67. Kc6 {[%emt 0:00:01]} Qf6+ {[%emt 0:00:01]} 68. Kb7 {[%emt 0:00:01]} Qe7+ {[%emt 0:00:03]} 69. Qc7+ {[%emt 0:00:01]} Qxc7+ {[%emt 0:00:00]} 70. Kxc7 {[%emt 0:00:00] Ailton_32 gibt auf} 1-0

[Event "Meister-Talente"]
[Site "Emanuel Lasker Arena"]
[Date "2020.11.06"]
[Round "10"]
[White "PeterLaFleur"]
[Black "Psammenitos."]
[Result "0-1"]
[WhiteElo "2185"]
[BlackElo "2477"]
[Annotator "TA"]
[PlyCount "70"]
[EventDate "2020.11.06"]
[EventType "tourn (blitz)"]

{[%evp 9,70,6,18,14,11,18,17,14,12,0,0,9,0,0,0,0,53,0,25,-17,31,0,0,0,9,42,38,-4,85,79,95,95,96,100,129,116,128,-67,-60,-195,-196,-197,-192,-198,-198,-191,-192,-245,-255,-230,-207,-450,-429,-965,11,-964,-964,-944,-940,-877,-833,-899,-872]} 1. Nf3 Nf6 2. c4 c6 3. Nc3 d5 4. e3 a6 5. b3 Bg4 6. Bb2 {A11: English Opening: 1...c6.} e6 7. h3 Bh5 8. g4 {The position is equal.} Bg6 9. Ne5 Nbd7 10. Nxg6 hxg6 11. d4 Bd6 12. Bg2 Qe7 {[#]} (12... g5 $11) 13. Qe2 $146 ({Better is} 13. f4 $14) ({Predecessor:} 13. O-O Ba3 14. Bxa3 Qxa3 15. g5 Nh7 16. f4 O-O 17. c5 f5 18. Qd2 Qa5 19. Rab1 {0-1 (39) Ponkratov,P (2631)-Kobalia,M (2614) chess.com INT 2020}) 13... Ba3 14. O-O-O O-O-O 15. Kb1 Bxb2 16. Kxb2 Kb8 17. f4 Ne8 18. Rc1 f5 (18... g5 $11) 19. g5 $16 ({Reject} 19. cxd5 exd5 20. g5 Nd6 $15) 19... Nd6 20. c5 Ne4 21. Nxe4 fxe4 22. a4 e5 23. dxe5 $2 ({White must play} 23. fxe5 $16 Qxg5 24. Rhg1) 23... Nxc5 $15 {Strongly threatening ...Nd3+.} 24. Ka2 ({White has to play} 24. Rhd1 $15) 24... Nd3 $19 25. Rcd1 c5 26. Rxd3 exd3 27. Qxd3 {[#]} c4 $1 {[%cal Rc4d3]} 28. Qd4 {[#]} (28. Qc3 $142) 28... Qb4 $1 {[%cal Rb4b3]} 29. Rb1 Rc8 {...cxb3+ is the strong threat.} 30. Bxd5 $2 (30. Qd1 {keeps fighting.}) 30... Rhd8 31. bxc4 (31. e6 $142 cxb3+ 32. Rxb3 Qxd4 33. Rxb7+ Ka8 34. exd4 Rxd5 35. Rxg7) 31... Qxa4+ 32. Kb2 {[#]} Rxd5 $1 {[%mdl 512] Black is clearly winning.} 33. Qxd5 (33. cxd5 Rc2#) 33... Rxc4 {[%csl Ga4][%cal Rc4c2]} 34. Qd8+ Ka7 {[%csl Ga4][%cal Rc4c2]} 35. Qd3 Qb5+ {Av CentiPawn Loss W=-74/B=-13. Weighted=-52/-12} 0-1

[Event "Meister-Talente"]
[Site "Emanuel Lasker Arena"]
[Date "2020.11.06"]
[Round "10"]
[White "Tschigorinfan97"]
[Black "Opel 2004"]
[Result "1-0"]
[WhiteElo "2154"]
[BlackElo "1743"]
[Annotator "NA RC"]
[PlyCount "40"]
[EventDate "2020.11.06"]
[EventType "tourn (blitz)"]

1. c4 {[%emt 0:00:02]} b6 {[%emt 0:00:02]} 2. d4 {[%emt 0:00:03]} e6 {[%emt 0:00:04]} 3. Nc3 {[%emt 0:00:08] Opel 2004 reconnected.} Bb7 {[%emt 0:00:05]} 4. Nf3 {[%emt 0:00:04]} Nf6 {[%emt 0:00:03]} 5. Bg5 {[%emt 0:00:01]} Be7 {[%emt 0:00:09]} 6. e3 {[%emt 0:00:01]} c5 {[%emt 0:00:10] Opel 2004 reconnected.} 7. Bd3 {[%emt 0:00:07]} O-O {[%emt 0:00:06]} 8. O-O {[%emt 0:00:04]} cxd4 {[%emt 0:00:06]} 9. exd4 {[%emt 0:00:03]} d6 {[%emt 0:00:02]} 10. Re1 {[%emt 0:00:03]} Nbd7 {[%emt 0:00:06]} 11. a4 {[%emt 0:00:06]} Re8 {[%emt 0:00:04]} 12. a5 {[%emt 0:00:02]} bxa5 {[%emt 0:00:05] Opel 2004 reconnected.} 13. Qa4 {[%emt 0:00:25] Opel 2004 reconnected.} Nb6 {[%emt 0:00:05]} 14. Qxa5 {[%emt 0:00:05]} Bxf3 {[%emt 0:00:12]} 15. gxf3 {[%emt 0:00:00]} Qc7 {[%emt 0:00:14] Opel 2004 reconnected.} 16. Rac1 {[%emt 0:00:28]} Qb7 {[%emt 0:00:12] Opel 2004 reconnected.} 17. Bxf6 {[%emt 0:00:26]} Bxf6 {[%emt 0:00:07]} 18. Be4 {[%emt 0:00:01]} d5 {[%emt 0:00:02]} 19. cxd5 {[%emt 0:00:02]} exd5 {[%emt 0:00:03]} 20. Nxd5 {[%emt 0:00:02] Opel 2004 reconnected. Opel 2004 reconnected. ' Opel 2004 reconnected. Zeit (Lag: Av=2.25s, max=29.0s) Opel 2004 reconnected.} Nxd5 {[%emt 0:00:29]} 1-0

[Event "Meister-Talente"]
[Site "Emanuel Lasker Arena"]
[Date "2020.11.06"]
[Round "10"]
[White "Ailton_32"]
[Black "Jan2020"]
[Result "1-0"]
[WhiteElo "1995"]
[BlackElo "1823"]
[Annotator "NA RC"]
[PlyCount "47"]
[EventDate "2020.11.06"]
[EventType "tourn (blitz)"]

1. Nf3 {[%emt 0:00:06]} d5 {[%emt 0:00:02]} 2. c4 {[%emt 0:00:02]} c6 {[%emt 0:00:04]} 3. d4 {[%emt 0:00:05]} Nf6 {[%emt 0:00:02]} 4. Nc3 {[%emt 0:00:01]} e6 {[%emt 0:00:04]} 5. Bg5 {[%emt 0:00:10]} h6 {[%emt 0:00:03]} 6. Bh4 {[%emt 0:00:04]} dxc4 {[%emt 0:00:02]} 7. e4 {[%emt 0:00:01]} Be7 {[%emt 0:00:02]} 8. Bxf6 {[%emt 0:00:08]} Bxf6 {[%emt 0:00:00]} 9. Bxc4 {[%emt 0:00:01]} c5 {[%emt 0:00:14]} 10. e5 {[%emt 0:00:32]} cxd4 {[%emt 0:00:20]} 11. exf6 {[%emt 0:00:21]} dxc3 {[%emt 0:00:05]} 12. fxg7 {[%emt 0:00:01]} Rg8 {[%emt 0:00:11]} 13. Qc2 {[%emt 0:00:18]} cxb2 {[%emt 0:00:20]} 14. Qxb2 {[%emt 0:00:01]} Qa5+ {[%emt 0:00:13]} 15. Ke2 {[%emt 0:00:11]} Nc6 {[%emt 0:00:16]} 16. Rhd1 {[%emt 0:00:04]} Qb4 {[%emt 0:00:21]} 17. Qc2 {[%emt 0:00:11]} Rxg7 {[%emt 0:00:20]} 18. Rab1 {[%emt 0:00:09]} Qe7 {[%emt 0:00:28]} 19. Kf1 {[%emt 0:00:07]} Kf8 {[%emt 0:00:21]} 20. Qd2 {[%emt 0:00:14]} Rg6 {[%emt 0:00:10]} 21. Bd3 {[%emt 0:00:03]} Rf6 {[%emt 0:00:02]} 22. Be4 {[%emt 0:00:01]} Na5 {[%emt 0:00:04]} 23. Qxa5 {[%emt 0:00:03]} b6 {[%emt 0:00:01]} 24. Qe5 {[%emt 0:00:10] Zeit (Lag: Av=0.43s, max=0.7s)} 1-0

[Event "Meister-Talente"]
[Site "Emanuel Lasker Arena"]
[Date "2020.11.06"]
[Round "10"]
[White "Sreyas2008"]
[Black "Beyond_uoschi"]
[Result "1-0"]
[WhiteElo "1881"]
[BlackElo "2120"]
[Annotator "NA RC"]
[PlyCount "67"]
[EventDate "2020.11.06"]
[EventType "tourn (blitz)"]

1. e4 {[%emt 0:00:04]} e5 {[%emt 0:00:01]} 2. Nf3 {[%emt 0:00:01]} Nc6 {[%emt 0:00:00]} 3. Bc4 {[%emt 0:00:03]} Nf6 {[%emt 0:00:01]} 4. d4 {[%emt 0:00:04]} exd4 {[%emt 0:00:00]} 5. e5 {[%emt 0:00:02]} d5 {[%emt 0:00:01]} 6. Bb5 {[%emt 0:00:03]} Ne4 {[%emt 0:00:00]} 7. Nxd4 {[%emt 0:00:01]} Bc5 {[%emt 0:00:01]} 8. Nxc6 {[%emt 0:00:10]} Bxf2+ {[%emt 0:00:12]} 9. Kf1 {[%emt 0:00:03]} Qh4 {[%emt 0:00:01]} 10. Qxd5 {[%emt 0:00:41]} bxc6 {[%emt 0:02:35]} 11. Bxc6+ {[%emt 0:00:10]} Ke7 {[%emt 0:00:20]} 12. Bxa8 {[%emt 0:00:48]} Ba6+ {[%emt 0:00:02]} 13. c4 {[%emt 0:00:03]} Bxc4+ {[%emt 0:00:03]} 14. Qxc4 {[%emt 0:00:03]} Ng3+ {[%emt 0:00:00]} 15. hxg3 {[%emt 0:00:06]} Qxc4+ {[%emt 0:00:00]} 16. Kxf2 {[%emt 0:00:01]} Rxa8 {[%emt 0:00:01]} 17. Nc3 {[%emt 0:00:01]} Rb8 {[%emt 0:00:05]} 18. Re1 {[%emt 0:00:04]} Qd3 {[%emt 0:00:03]} 19. Re2 {[%emt 0:00:04]} Rb4 {[%emt 0:00:01]} 20. Be3 {[%emt 0:00:03]} Rg4 {[%emt 0:00:01]} 21. Rd1 {[%emt 0:00:03]} Qf5+ {[%emt 0:00:02]} 22. Bf4 {[%emt 0:00:05]} c6 {[%emt 0:00:01]} 23. Kg1 {[%emt 0:00:03]} g5 {[%emt 0:00:00]} 24. Be3 {[%emt 0:00:10]} Rxg3 {[%emt 0:00:02]} 25. Bc5+ {[%emt 0:00:01]} Ke8 {[%emt 0:00:02]} 26. Red2 {[%emt 0:00:04]} Qc8 {[%emt 0:00:05]} 27. Ne4 {[%emt 0:00:12]} Rxg2+ {[%emt 0:00:01]} 28. Kxg2 {[%emt 0:00:02]} Qg4+ {[%emt 0:00:01]} 29. Ng3 {[%emt 0:00:01]} f6 {[%emt 0:00:00]} 30. Rd8+ {[%emt 0:00:01]} Kf7 {[%emt 0:00:00]} 31. Rf8+ {[%emt 0:00:03]} Kg6 {[%emt 0:00:02]} 32. Rxf6+ {[%emt 0:00:01]} Kg7 {[%emt 0:00:00]} 33. Rd7+ {[%emt 0:00:01]} Kg8 {[%emt 0:00:00]} 34. Rf8# {[%emt 0:00:01] Mate} 1-0

[Event "Meister-Talente"]
[Site "Emanuel Lasker Arena"]
[Date "2020.11.06"]
[Round "10"]
[White "JR43"]
[Black "HannesFM"]
[Result "0-1"]
[WhiteElo "1834"]
[BlackElo "2036"]
[Annotator "NA RC"]
[PlyCount "110"]
[EventDate "2020.11.06"]
[EventType "tourn (blitz)"]
[WhiteTeam "SV Werder Bremen I"]

{Reuker, Jari (2394)} 1. d4 {[%emt 0:00:02]} Nf6 {[%emt 0:00:02]} 2. c4 {[%emt 0:00:02]} e6 {[%emt 0:00:01]} 3. g3 {[%emt 0:00:04]} Bb4+ {[%emt 0:00:05]} 4. Bd2 {[%emt 0:00:02]} Be7 {[%emt 0:00:01]} 5. Bg2 {[%emt 0:00:09]} d5 {[%emt 0:00:02]} 6. Nf3 {[%emt 0:00:01]} c6 {[%emt 0:00:03]} 7. O-O {[%emt 0:00:02]} b6 {[%emt 0:00:10]} 8. Qc2 {[%emt 0:00:02]} Ba6 {[%emt 0:00:02]} 9. b3 {[%emt 0:00:21]} Nbd7 {[%emt 0:00:03]} 10. Rd1 {[%emt 0:00:03]} Rc8 {[%emt 0:00:12]} 11. Bf4 {[%emt 0:00:39]} O-O {[%emt 0:00:08]} 12. Ne5 {[%emt 0:00:40]} Nxe5 {[%emt 0:00:13]} 13. dxe5 {[%emt 0:00:02]} Nd7 {[%emt 0:00:01]} 14. h4 {[%emt 0:00:52]} Qc7 {[%emt 0:00:47]} 15. Qc3 {[%emt 0:00:26]} dxc4 {[%emt 0:00:08]} 16. bxc4 {[%emt 0:00:00]} Rfd8 {[%emt 0:00:01]} 17. Nd2 {[%emt 0:00:02]} Nc5 {[%emt 0:00:07]} 18. Nf3 {[%emt 0:00:03]} Bb7 {[%emt 0:00:11]} 19. Qc2 {[%emt 0:00:03]} h6 {[%emt 0:00:08]} 20. g4 {[%emt 0:00:01]} Rxd1+ {[%emt 0:00:05]} 21. Rxd1 {[%emt 0:00:01]} Rd8 {[%emt 0:00:00]} 22. g5 {[%emt 0:00:03]} Rxd1+ {[%emt 0:00:02]} 23. Qxd1 {[%emt 0:00:01]} hxg5 {[%emt 0:00:01]} 24. hxg5 {[%emt 0:00:02]} g6 {[%emt 0:00:02]} 25. Qc2 {[%emt 0:00:04]} Qd7 {[%emt 0:00:03]} 26. Ne1 {[%emt 0:00:04]} Na6 {[%emt 0:00:05]} 27. Nd3 {[%emt 0:00:02]} Nb4 {[%emt 0:00:09]} 28. Nxb4 {[%emt 0:00:02]} Bxb4 {[%emt 0:00:00]} 29. Qd3 {[%emt 0:00:03]} Qc8 {[%emt 0:00:12]} 30. Be4 {[%emt 0:00:03]} Kg7 {[%emt 0:00:02]} 31. Qf3 {[%emt 0:00:02]} Be7 {[%emt 0:00:02]} 32. Be3 {[%emt 0:00:01]} Qd8 {[%emt 0:00:07]} 33. Kg2 {[%emt 0:00:03]} Bxg5 {[%emt 0:00:03]} 34. Bxc6 {[%emt 0:00:02]} Bxc6 {[%emt 0:00:03]} 35. Qxc6 {[%emt 0:00:00]} Bxe3 {[%emt 0:00:01]} 36. fxe3 {[%emt 0:00:00]} Qg5+ {[%emt 0:00:01]} 37. Kf2 {[%emt 0:00:00]} Qxe5 {[%emt 0:00:00]} 38. Qd7 {[%emt 0:00:03]} Qa5 {[%emt 0:00:02]} 39. Qd4+ {[%emt 0:00:02]} Kg8 {[%emt 0:00:06]} 40. Qd8+ {[%emt 0:00:01]} Kh7 {[%emt 0:00:01]} 41. Qh4+ {[%emt 0:00:01]} Kg7 {[%emt 0:00:01]} 42. Qd4+ {[%emt 0:00:01]} e5 {[%emt 0:00:00]} 43. Qd6 {[%emt 0:00:03]} Qc5 {[%emt 0:00:03]} 44. Qb8 {[%emt 0:00:02]} a5 {[%emt 0:00:01]} 45. Qe8 {[%emt 0:00:04]} g5 {[%emt 0:00:05]} 46. Qd8 {[%emt 0:00:02]} e4 {[%emt 0:00:09]} 47. Kg3 {[%emt 0:00:07]} Qxe3+ {[%emt 0:00:02]} 48. Kg4 {[%emt 0:00:00]} Qf4+ {[%emt 0:00:04]} 49. Kh3 {[%emt 0:00:00]} g4+ {[%emt 0:00:06]} 50. Kg2 {[%emt 0:00:00]} e3 {[%emt 0:00:02]} 51. Qe7 {[%emt 0:00:02]} Qf2+ {[%emt 0:00:02]} 52. Kh1 {[%emt 0:00:02]} Qf1+ {[%emt 0:00:02]} 53. Kh2 {[%emt 0:00:00]} Qxe2+ {[%emt 0:00:00]} 54. Kg3 {[%emt 0:00:00]} Qf3+ {[%emt 0:00:01]} 55. Kh4 {[%emt 0:00:01]} Qf6+ {[%emt 0:00:01] JR43 gibt auf (Lag: Av=0.58s, max=1.1s)} 0-1

[Event "Meister-Talente"]
[Site "Emanuel Lasker Arena"]
[Date "2020.11.06"]
[Round "10"]
[White "Torjaeger10"]
[Black "Johvon"]
[Result "1-0"]
[WhiteElo "1760"]
[BlackElo "1891"]
[Annotator "NA RC"]
[PlyCount "41"]
[EventDate "2020.11.06"]
[EventType "tourn (blitz)"]

1. e4 {[%emt 0:00:03]} c6 {[%emt 0:00:02]} 2. Nc3 {[%emt 0:00:02]} d5 {[%emt 0:00:01]} 3. d4 {[%emt 0:00:01]} dxe4 {[%emt 0:00:03]} 4. Nxe4 {[%emt 0:00:00]} Bf5 {[%emt 0:00:03]} 5. Ng3 {[%emt 0:00:01]} Bg6 {[%emt 0:00:01]} 6. N1e2 {[%emt 0:00:00]} e6 {[%emt 0:00:04]} 7. Nf4 {[%emt 0:00:01]} Bd6 {[%emt 0:00:01]} 8. c3 {[%emt 0:00:02]} Qc7 {[%emt 0:00:01]} 9. Qf3 {[%emt 0:00:00]} Ne7 {[%emt 0:00:03]} 10. h4 {[%emt 0:00:02]} h6 {[%emt 0:00:25]} 11. Bc4 {[%emt 0:00:11]} Nd7 {[%emt 0:00:09]} 12. Ne4 {[%emt 0:00:27]} Bxf4 {[%emt 0:00:15]} 13. Bxf4 {[%emt 0:00:04]} e5 {[%emt 0:00:03]} 14. Bg3 {[%emt 0:00:17]} O-O {[%emt 0:00:33]} 15. O-O-O {[%emt 0:00:06]} b5 {[%emt 0:00:32]} 16. Bb3 {[%emt 0:00:03]} c5 {[%emt 0:00:04]} 17. dxe5 {[%emt 0:00:38]} Nxe5 {[%emt 0:00:13]} 18. Nf6+ {[%emt 0:00:30]} Kh8 {[%emt 0:00:41]} 19. Qf4 {[%emt 0:00:06]} N7c6 {[%emt 0:00:07]} 20. Nd5 {[%emt 0:00:07]} Qc8 {[%emt 0:00:12]} 21. Ne7 {[%emt 0:00:27] Zeit '} 1-0

[Event "Meister-Talente"]
[Site "Emanuel Lasker Arena"]
[Date "2020.11.06"]
[Round "11"]
[White "Psammenitos."]
[Black "JR43"]
[Result "1-0"]
[WhiteElo "2482"]
[BlackElo "1808"]
[Annotator "NA RC"]
[PlyCount "49"]
[EventDate "2020.11.06"]
[EventType "tourn (blitz)"]
[BlackTeam "SV Werder Bremen I"]

{- Reuker, Jari (2394)} 1. d4 {[%emt 0:00:01]} d5 {[%emt 0:00:03]} 2. c4 {[%emt 0:00:13]} e6 {[%emt 0:00:01]} 3. Nf3 {[%emt 0:00:01]} c6 {[%emt 0:00:01]} 4. e3 {[%emt 0:00:01]} Bd6 {[%emt 0:00:01]} 5. b3 {[%emt 0:00:03]} Nf6 {[%emt 0:00:05]} 6. Bd3 {[%emt 0:00:01]} dxc4 {[%emt 0:00:03]} 7. bxc4 {[%emt 0:00:02]} c5 {[%emt 0:00:09]} 8. O-O {[%emt 0:00:01]} O-O {[%emt 0:00:02]} 9. Bb2 {[%emt 0:00:02]} b6 {[%emt 0:00:28]} 10. e4 {[%emt 0:00:10]} Be7 {[%emt 0:01:16]} 11. e5 {[%emt 0:00:02]} Nfd7 {[%emt 0:00:01]} 12. Be4 {[%emt 0:00:02]} Ba6 {[%emt 0:00:23]} 13. Nbd2 {[%emt 0:00:20]} cxd4 {[%emt 0:00:30]} 14. Bxa8 {[%emt 0:00:01]} d3 {[%emt 0:00:03]} 15. Rc1 {[%emt 0:00:20]} Nc5 {[%emt 0:00:01]} 16. Ne4 {[%emt 0:00:05]} Nbd7 {[%emt 0:00:01]} 17. Bc6 {[%emt 0:00:04]} Nxe4 {[%emt 0:00:06]} 18. Bxe4 {[%emt 0:00:01]} Nc5 {[%emt 0:00:00]} 19. Nd2 {[%emt 0:00:06]} Bg5 {[%emt 0:00:02]} 20. f4 {[%emt 0:00:04]} Bh4 {[%emt 0:00:05]} 21. Bf3 {[%emt 0:00:09]} Qd7 {[%emt 0:00:09]} 22. Ne4 {[%emt 0:00:08]} Na4 {[%emt 0:00:02]} 23. Ba1 {[%emt 0:00:07]} Rc8 {[%emt 0:00:02]} 24. Nd6 {[%emt 0:00:01]} Rc7 {[%emt 0:00:02]} 25. Qxd3 {[%emt 0:00:03] JR43 gibt auf (Lag: Av=0.47s, max=1.1s)} 1-0

[Event "Meister-Talente"]
[Site "Emanuel Lasker Arena"]
[Date "2020.11.06"]
[Round "11"]
[White "Beyond_uoschi"]
[Black "Tschigorinfan97"]
[Result "1/2-1/2"]
[WhiteElo "2093"]
[BlackElo "2157"]
[Annotator "NA RC"]
[PlyCount "76"]
[EventDate "2020.11.06"]
[EventType "tourn (blitz)"]

1. d4 {[%emt 0:00:03]} d5 {[%emt 0:00:03]} 2. c4 {[%emt 0:00:01]} Nc6 {[%emt 0:00:01]} 3. e3 {[%emt 0:00:00]} e5 {[%emt 0:00:02]} 4. dxe5 {[%emt 0:00:00]} d4 {[%emt 0:00:00]} 5. a3 {[%emt 0:00:00]} a5 {[%emt 0:00:05]} 6. Nf3 {[%emt 0:00:01]} Bg4 {[%emt 0:00:03]} 7. Be2 {[%emt 0:00:01]} dxe3 {[%emt 0:00:02]} 8. Qxd8+ {[%emt 0:00:02]} Rxd8 {[%emt 0:00:02]} 9. Bxe3 {[%emt 0:00:02]} Nge7 {[%emt 0:00:03]} 10. Bf4 {[%emt 0:00:11]} Ng6 {[%emt 0:00:02]} 11. Bg3 {[%emt 0:00:01]} Bxf3 {[%emt 0:00:23]} 12. Bxf3 {[%emt 0:00:06]} Ngxe5 {[%emt 0:00:01]} 13. Bxc6+ {[%emt 0:00:44]} Nxc6 {[%emt 0:00:06]} 14. Bxc7 {[%emt 0:00:03]} Rd4 {[%emt 0:00:29]} 15. Nd2 {[%emt 0:00:19]} Bc5 {[%emt 0:00:06]} 16. O-O-O {[%emt 0:01:27]} O-O {[%emt 0:00:36]} 17. Bg3 {[%emt 0:00:16]} a4 {[%emt 0:00:17]} 18. Nf3 {[%emt 0:00:04]} Rxc4+ {[%emt 0:00:03]} 19. Kb1 {[%emt 0:00:00]} Nd4 {[%emt 0:00:21]} 20. Nxd4 {[%emt 0:00:02]} Bxd4 {[%emt 0:00:01]} 21. Rc1 {[%emt 0:00:01]} Rfc8 {[%emt 0:00:02]} 22. Rxc4 {[%emt 0:00:01]} Rxc4 {[%emt 0:00:00]} 23. Rc1 {[%emt 0:00:02]} Rxc1+ {[%emt 0:00:03]} 24. Kxc1 {[%emt 0:00:00]} f5 {[%emt 0:00:05]} 25. Kc2 {[%emt 0:00:00]} Kf7 {[%emt 0:00:14]} 26. b3 {[%emt 0:00:01]} b5 {[%emt 0:00:10]} 27. bxa4 {[%emt 0:00:01]} bxa4 {[%emt 0:00:00]} 28. f3 {[%emt 0:00:03]} Ke6 {[%emt 0:00:02]} 29. Be1 {[%emt 0:00:03]} g6 {[%emt 0:00:07]} 30. Bb4 {[%emt 0:00:01]} Kd5 {[%emt 0:00:02]} 31. Kd3 {[%emt 0:00:01]} Bb2 {[%emt 0:00:06]} 32. Bf8 {[%emt 0:00:08]} Be5 {[%emt 0:00:01]} 33. h3 {[%emt 0:00:01]} h5 {[%emt 0:00:01]} 34. Bb4 {[%emt 0:00:01]} Bb2 {[%emt 0:00:01]} 35. Bf8 {[%emt 0:00:01]} Bd4 {[%emt 0:00:02]} 36. Bb4 {[%emt 0:00:01]} Bb2 {[%emt 0:00:03]} 37. Bf8 {[%emt 0:00:01]} Be5 {[%emt 0:00:01]} 38. Bb4 {[%emt 0:00:01]} Bb2 {[%emt 0:00:01] (Lag: Av=0.86s, max=1.4s)} 1/2-1/2

[Event "Meister-Talente"]
[Site "Emanuel Lasker Arena"]
[Date "2020.11.06"]
[Round "11"]
[White "HannesFM"]
[Black "Torjaeger10"]
[Result "1-0"]
[WhiteElo "2061"]
[BlackElo "1834"]
[Annotator "NA RC"]
[PlyCount "53"]
[EventDate "2020.11.06"]
[EventType "tourn (blitz)"]

1. Nc3 {[%emt 0:00:03]} Nf6 {[%emt 0:00:05]} 2. e4 {[%emt 0:00:03]} e5 {[%emt 0:00:02]} 3. Nf3 {[%emt 0:00:01]} Nc6 {[%emt 0:00:02]} 4. Bb5 {[%emt 0:00:01]} Nd4 {[%emt 0:00:02]} 5. Bc4 {[%emt 0:00:01]} d5 {[%emt 0:00:06]} 6. exd5 {[%emt 0:00:06]} Bg4 {[%emt 0:00:01]} 7. Be2 {[%emt 0:00:01]} Nxe2 {[%emt 0:00:09]} 8. Qxe2 {[%emt 0:00:01]} Bd6 {[%emt 0:00:04]} 9. h3 {[%emt 0:00:04]} Bh5 {[%emt 0:00:01]} 10. g4 {[%emt 0:00:05]} Bg6 {[%emt 0:00:03]} 11. Nxe5 {[%emt 0:00:03]} O-O {[%emt 0:00:02]} 12. d4 {[%emt 0:00:01]} Bxe5 {[%emt 0:00:09]} 13. dxe5 {[%emt 0:00:01]} Nxd5 {[%emt 0:00:01]} 14. O-O {[%emt 0:00:01]} Nxc3 {[%emt 0:00:11]} 15. bxc3 {[%emt 0:00:00]} Qd5 {[%emt 0:00:29]} 16. f4 {[%emt 0:00:14]} f5 {[%emt 0:00:17] Torjaeger10 offers a draw} 17. exf6 {[%emt 0:00:10]} Rxf6 {[%emt 0:00:04]} 18. f5 {[%emt 0:00:08]} Re8 {[%emt 0:00:09]} 19. Qf2 {[%emt 0:00:18]} Re5 {[%emt 0:00:28]} 20. c4 {[%emt 0:00:16]} Qe4 {[%emt 0:00:16]} 21. Bb2 {[%emt 0:00:11]} Rexf5 {[%emt 0:00:16]} 22. gxf5 {[%emt 0:00:04]} Rxf5 {[%emt 0:00:00]} 23. Qg3 {[%emt 0:00:09]} Qxc2 {[%emt 0:00:32]} 24. Rxf5 {[%emt 0:00:07]} Qxb2 {[%emt 0:00:07]} 25. Qe5 {[%emt 0:00:03]} Qb6+ {[%emt 0:00:07]} 26. c5 {[%emt 0:00:05]} Qc6 {[%emt 0:00:03]} 27. Qd5+ {[%emt 0:00:10] Torjaeger10 resigns (Lag: Av=0.39s, max=0.5s)} 1-0